000 00467nam a22001697a 4500
005 20251108172022.0
008 250721s1989 xx 000 0 ara d
082 1 4 _aق/همن
100 1 _aهمنجواى، ايرنست
245 1 0 _aرجال بلا نساء /
264 1 _aعمان :
_bدار النسر،
_c1989.
300 _a166ص
650 1 7 _aالقصص العالمية
700 1 _aنصار، عزت
_eترجمة
942 _2ddc
_cBK
999 _c68400
_d68400